000 02129cam a22005174i 4500
003 PE-LiUPU
005 20250731184554.0
008 150625s r 000 0 d
020 _a99727527004
035 _a(Sirsi) i99727527004
040 _aPE-LiUPU
_bspa
_cPE-LiUPU
_erda
049 _aPRUA
082 0 4 _a909
_bS18
_221
110 2 _aSalvat Editores
245 1 0 _aAmerica Latina, Africa y Asia en los siglos XIX y XX.
_n18 /
_cSalvat Editores.
264 1 _aLima :
_bSalvat Editores,
_c2005.
300 _a424 páginas :
_bilustraciones, mapas, fotos, diagrs ;
_c22 centímetros
336 _atext
_2rdacontent
337 _aunmediated
_2rdamedia
338 _avolume
_2rdacarrier
490 0 _aHistoria Universal ;
_v18
504 _aIncluye referencias bibliográficas al final de cada artículo.
505 0 _aLas bases económicas de América Latina. -Las revueltas populares en América Latina. -México independiente. Organización constitucional y Revolución. -Asia bajo el imperialismo occidental. -El socialismo asiático. -El desmembramiento del Imperio otomano. -El mundo musulmán: entre el subdesarrollo y la revolución. -África y los imperios coloniales. -África: de la descolonización a la independencia.
526 _aP136
526 _aP135
526 _aP134
526 _aP133
526 _aP144
526 _aP143
526 _aP87
526 _aP35
526 _aP20
526 _aP14
526 _aP10
526 _aP06
651 4 _aAmérica Latina
_xHistoria
_ySiglos XIX-XX.
651 4 _aAfrica
_xHistoria
_ySiglosXIX-XX.
651 4 _aAsia
_xHistoria
_ySiglos XIX-XX.
910 _baj
_ceq-sm
_d20050829
942 _2ddc
_cBOOK
949 _a909 S18 18
_wDEWEY
_c1
_i55694
_lCCODEBUL1
_mBUL
_p6.00
_r0
_sY
_tBOOK
_u2015-6-25
_xEDUCACION
_zUNKNOWN
_0COMPRA
_o.STAFF. Colección General
994 _aC0
_bPEPRU
596 _a1
999 _a909 S18 18
_wDEWEY
_c44553
_i55694
_f2021-11-9
_g5
_lCCODEBUL1
_mBUL
_p6.00
_r0
_sY
_tBOOK
_u2015-6-25
_xEDUCACION
_zUNKNOWN
_0COMPRA
_o.STAFF. Colección General
_d44553
980 _81
_gALBERTO SANCHEZ Responsable de Automatización